00505nam a22001217a 4500008004100000040005500041080003200096245013600128260007500264300001600339650001200355653001600367230623b |||||||| |||| 00| 0 eng d aNational Science LibrarycNational Science Library aR 5/6:061.6(680)(058.7)bK7 aScientific and technical societies in south Africac/ Council for Scientific and Industrial Research, CSI WNNR directory-gids, 1967 aSouth Africa: bCouncil for Scientific and Industrial Research, c1967 aiii, 107p.  aScience aTechnology